Metalcore Bands - Statistics

General Stats
  • This quiz has been taken 725 times
    684 since last reset
  • The average score is 13 of 32
Answer Stats
Song or Album Hint Answer % Correct
Can You Feel My Heart Successful UK band featuring Oli Sykes. They were originally deathcore before branching out into metalcore & other genres. Bring Me The Horizon
87%
Tears Don't Fall Welsh band, originally known as "Jeff Killed John", featuring vocalist Matt Tuck. Other singles include "Your Betrayal". Bullet For My Valentine
78%
Unholy Confessions Hugely successful California band fronted by M. Shadows & featuring drummer Jimmy "The Rev" Sullivan, who died in 2009. Avenged Sevenfold
70%
The Drug In Me Is You Las Vegas band formed by Ronnie Radke after he was kicked out of Escape The Fate and serving time in prison. Falling In Reverse
70%
Animals UK band fronted by Sam Carter & featuring twin brothers Tom & Dan Searle, until Tom tragically died of skin cancer in 2016. Architects
68%
Graveyard Shift Pennsylvanian band fronted by Chris Motionless, known for their over the top gothic image & sound. Motionless In White
61%
If It Means A Lot To You Florida band who blend metalcore with pop-punk. Other singles include "The Downfall Of Us All". A Day To Remember
57%
The End of Heartache Huge Massachusetts band fronted by Jesse Leach. Other albums include "Alive or Just Breathing". Killswitch Engage
57%
Alone In A Room UK band featuring a major Egyptian city in its name. Albums include "Stand Up and Scream". Asking Alexandria
56%
Just Pretend Virginia band fronted by Noah Sebastian. Other singles include "The Death Of Peace Of Mind". Bad Omens
56%
Laid to Rest Huge Virginia band, fronted by Randy Blythe & once known as "Burn the Priest". Albums include "Ashes of the Wake". Lamb of God
54%
Frail Words Collapse Band fronted by Tim Lambesis, who in 2014 was jailed for 6 years after attempting to hire a hitman to kill his estranged wife. As I Lay Dying
49%
Horizons Australian band named after the street of the house they rehearsed & performed gigs at during their early days. Parkway Drive
47%
Pisces Ukrainian band fronted by Tatiana Shmayluk. Despite the band's name none of its members are redheads. Jinjer
46%
Counting Worms Kentucky band whose name sounds like a good reason to visit the dentist. Their debut is 2016's "Laugh Tracks". Knocked Loose
46%
Ascendancy Florida band whose name is Latin for "a place where 3 roads meet" & relates to the band's blend of thrash, death metal & metalcore. Trivium
36%
Dead Throne Ohio band named after a novel, which was adapted into an 2006 film starring Meryl Streep and Anne Hathaway. The Devil Wears Prada
35%
Jane Doe Acclaimed & influential Massachusetts "mathcore" band fronted by Jacob Bannon who also does the band's artwork. Converge
33%
The Fall Of Ideals Massachusetts band formed by vocalist Philip Labonte after his departure from Shadows Fall. All That Remains
31%
Constellations Pennsylvanian band twice nominated for an Emmy for Best Metal Performance, for the songs "Identity" & "Invisible Enemy". August Burns Red
31%
Middle Fingers Up Atlanta band named after a steppes nomad conquerer. Known for their rap & nu metal influences. Attila
28%
Deadweight Florida band originally known as "Empires". Other albums include "Manic" and "Blueprints". Wage War
25%
Ire Works Influential but now defunct New Jersey band fronted by Greg Puciato. Their music is sometimes descibed as 'mathcore". The Dillinger Escape Plan
23%
Define the Great Line Florida outfit who identified as a Christian band in it's early days but have since distanced themselves from the label. Underoath
21%
Suicide Notes and Butterfly Kisses California goth & emo influenced band, named after a character from "The Never-ending Story". Atreyu
20%
Satisfaction Is the Death of Desire Connecticut band fronted by the bandana wearing Jamie Jasta. Their music is sometimes described as "beatdown hardcore". Hatebreed
20%
Bless the Martyr, Kiss the Child Georgia band who take their moniker from Marilyn Monroe's real name. Norma Jean
20%
The Silent Circus Progressive metalcore group from North Carolina whose other albums include "Colors", "Alaska" and "The Great Misdirect". Between The Buried And Me
17%
Dear Youth California band once known as "A Dying Dream" who went on hiatus for several years after members were seriously injured in a bus crash. The Ghost Inside
15%
Hot Damn! Acclaimed, now defunct band from Buffalo, NY, featuring brothers Keith & Jordan Buckley. Other albums include "Low Teens". Every Time I Die
12%
Destroy the Machines NYC vegan straight edge band who proved influential on the later metalcore scene with their landmark 1993 EP "Firestorm". Earth Crisis
9%
The Oncoming Storm Massachusetts band whose name is a synonym for "excavate" or "exhume". Unearth
9%
No matching quizzes found
Score Distribution
Percent of People with Each Score
Percentile by Number Answered
Your Score History
You have not taken this quiz since the last reset